[Event "Seville City-ch Blitz"]
[Site "Seville"]
[Date "2023.02.28"]
[Round "5"]
[White "Conde Chamizo, Pablo"]
[Black "Briand Rosas, Clara Helena"]
[Result "0-1"]
[WhiteElo "1834"]
[BlackElo "1996"]
[PlyCount "48"]
[EventDate "2023.02.28"]
[EventType "swiss (blitz)"]
[EventRounds "10"]
[EventCountry "ESP"]
[SourceTitle "CBM 213 Extra"]
[Source "ChessBase"]
[SourceDate "2023.05.31"]
[SourceVersion "1"]
[SourceVersionDate "2023.05.31"]
[SourceQuality "1"]

1. e4 c6 2. d4 d5 3. exd5 cxd5 4. c4 Nf6 5. Nc3 Nc6 6. Nf3 Bg4 7. Be2 e6 8. cxd5 Nxd5 9. Nxd5 Qxd5 10. Be3 Bb4+ 11. Kf1 0-0 12. a3 Ba5 13. h3 Bh5 14. Ne5 Bxe2+ 15. Qxe2 Nxe5 16. dxe5 Qxe5 17. Rd1 Rfd8 18. Rb1 Qe4 19. Rc1 Rac8 20. Rxc8 Rxc8 21. b4 Bb6 22. Kg1 Rc1+ 23. Kh2 Bc7+ 24. g3 Qxh1# 0-1

[Event "ESP-ch U18 Rapid"]
[Site "Salobrena"]
[Date "2022.08.07"]
[Round "9"]
[White "Briand Rosas, Clara Helena"]
[Black "Macias Pino, Diego"]
[Result "0-1"]
[WhiteElo "1731"]
[BlackElo "1968"]
[PlyCount "100"]
[EventDate "2022.08.06"]
[EventType "swiss (rapid)"]
[EventRounds "9"]
[EventCountry "ESP"]
[SourceTitle "EXT 2023"]
[Source "ChessBase"]
[SourceDate "2022.10.05"]
[SourceVersion "1"]
[SourceVersionDate "2022.10.05"]
[SourceQuality "1"]

1. d4 Nf6 2. c4 b6 3. Nc3 Bb7 4. d5 e6 5. e4 Bb4 6. Nge2 Nxe4 7. Qd4 Nxc3 8. Nxc3 0-0 9. Bd3 exd5 10. 0-0 dxc4 11. Qxc4 Be7 12. Qg4 d5 13. Bh6 Bf6 14. Rae1 Nd7 15. Bf5 Ne5 16. Qg3 Ng6 17. Bd2 Ba6 18. Bd3 Bxd3 19. Qxd3 c6 20. b4 Ne5 21. Qc2 Qd7 22. Bf4 Nc4 23. Ne4 Be7 24. Ng5 Bxg5 25. Bxg5 Rfe8 26. h4 h6 27. Bf4 Re6 28. Bg3 Rae8 29. Rxe6 Rxe6 30. a4 Nd6 31. Rc1 Nf5 32. Qd3 Re4 33. a5 b5 34. Qc3 Rc4 35. Qb2 Rxc1+ 36. Qxc1 Nxg3 37. fxg3 d4 38. Qd2 a6 39. Kf2 Qd6 40. Ke2 Qxg3 41. Qxd4 Qxg2+ 42. Ke1 Qh1+ 43. Kf2 Qh2+ 44. Kf1 Qh3+ 45. Kf2 Qc8 46. Qc5 g6 47. Ke1 Qe6+ 48. Kd2 Qd5+ 49. Qxd5 cxd5 50. Kd3 g5 0-1

[Event "ESP-ch U18"]
[Site "Salobrena"]
[Date "2022.08.06"]
[Round "9"]
[White "Briand Rosas, Clara Helena"]
[Black "Duller Llopis, Jouke"]
[Result "1/2-1/2"]
[WhiteElo "2099"]
[BlackElo "1834"]
[PlyCount "92"]
[EventDate "2022.08.01"]
[EventType "swiss"]
[EventRounds "9"]
[EventCountry "ESP"]
[SourceTitle "EXT 2023"]
[Source "ChessBase"]
[SourceDate "2022.10.05"]
[SourceVersion "1"]
[SourceVersionDate "2022.10.05"]
[SourceQuality "1"]

1. d4 d5 2. c4 e6 3. Nc3 Nf6 4. cxd5 exd5 5. Bg5 c6 6. e3 Bd6 7. Bd3 0-0 8. Qc2 h6 9. Bh4 b6 10. Nge2 Ba6 11. Bf5 Qe7 12. h3 g6 13. Bd3 Bxd3 14. Qxd3 Qe6 15. 0-0 Nbd7 16. Bg3 Bxg3 17. Nxg3 Rfe8 18. Rae1 Ne4 19. Nge2 Ndf6 20. f3 Nd6 21. Nf4 Qe7 22. Qc2 Nf5 23. Nd1 c5 24. dxc5 Qxc5 25. Qxc5 bxc5 26. g4 Nd6 27. Nc3 d4 28. exd4 cxd4 29. Ncd5 Nxd5 30. Nxd5 Rxe1 31. Rxe1 Nb5 32. a4 Nd6 33. Rd1 Nc4 34. Rxd4 Nxb2 35. Rb4 Nd3 36. Rd4 Ne5 37. Kg2 Kf8 38. Re4 Re8 39. Nf6 Re6 40. Nd5 Nd3 41. Rxe6 fxe6 42. Nc3 Ke7 43. Kf1 a6 44. h4 h5 45. gxh5 gxh5 46. Ne4 Nb2 1/2-1/2

[Event "ESP-chT CECLUB Div2"]
[Site "Linares"]
[Date "2021.08.12"]
[Round "5.6"]
[White "Hernandez Guerra, Luna Yue"]
[Black "Briand Rosas, Clara Helena"]
[Result "1-0"]
[WhiteElo "1943"]
[BlackElo "1865"]
[PlyCount "71"]
[EventDate "2021.08.09"]
[EventType "team-swiss"]
[EventRounds "7"]
[EventCountry "ESP"]
[SourceTitle "CBM 203 Extra"]
[Source "ChessBase"]
[SourceDate "2021.09.30"]
[SourceVersion "1"]
[SourceVersionDate "2021.09.30"]
[SourceQuality "1"]
[WhiteTeam "La Caja de Vecindario"]
[BlackTeam "Sevilla Casa del Ajedrez"]
[WhiteTeamCountry "ESP"]
[BlackTeamCountry "ESP"]

1. f4 d5 2. Nf3 c5 3. g3 Nf6 4. Bg2 e6 5. 0-0 Bd6 6. d3 0-0 7. Nc3 d4 8. Nb5 Be7 9. c4 Nc6 10. Bd2 a6 11. Na3 Rb8 12. Nc2 b6 13. a3 Bb7 14. b3 Bd6 15. Nce1 e5 16. fxe5 Nxe5 17. Nxe5 Bxe5 18. Nf3 Bd6 19. Bh3 Qc7 20. Qe1 Rfe8 21. Qf2 Bc8 22. Bxc8 Rbxc8 23. Qg2 h6 24. Nh4 Re6 25. Nf5 Bf8 26. h3 Kh7 27. g4 Ng8 28. b4 g6 29. Ng3 Nf6 30. bxc5 bxc5 31. Rab1 Qc6 32. Rf3 Kg7 33. Bxh6+ Kxh6 34. g5+ Kg7 35. gxf6+ Rxf6 36. Nh5+ 1-0

[Event "ESP-chT CECLUB Div2"]
[Site "Linares"]
[Date "2021.08.11"]
[Round "4.7"]
[White "Briand Rosas, Clara Helena"]
[Black "Horcajuelo Rocamora, Martin"]
[Result "1-0"]
[WhiteElo "1865"]
[BlackElo "1885"]
[PlyCount "75"]
[EventDate "2021.08.09"]
[EventType "team-swiss"]
[EventRounds "7"]
[EventCountry "ESP"]
[SourceTitle "CBM 203 Extra"]
[Source "ChessBase"]
[SourceDate "2021.09.30"]
[SourceVersion "1"]
[SourceVersionDate "2021.09.30"]
[SourceQuality "1"]
[WhiteTeam "Sevilla Casa del Ajedrez"]
[BlackTeam "Alcorcon Diagonal"]
[WhiteTeamCountry "ESP"]
[BlackTeamCountry "ESP"]

1. d4 Nf6 2. c4 c5 3. d5 b5 4. cxb5 a6 5. bxa6 e6 6. Nc3 exd5 7. Nxd5 Be7 8. Nxe7 Qxe7 9. e3 0-0 10. Nf3 d5 11. Be2 Bxa6 12. Bxa6 Nxa6 13. 0-0 Rfb8 14. b3 Nb4 15. a3 c4 16. Bb2 Nd3 17. Bxf6 Qxf6 18. b4 Qb2 19. Qb1 Qc3 20. b5 Rxa3 21. Rxa3 Qxa3 22. Nd4 g6 23. Qa1 Qc5 24. h3 Qb6 25. Nc6 Rb7 26. Rb1 Qc7 27. Qf6 Qc8 28. Ne7+ Rxe7 29. Qxe7 c3 30. Qa3 Qc4 31. Qa8+ Kg7 32. Qa1 d4 33. b6 Nb2 34. Rxb2 cxb2 35. Qxb2 Qc8 36. b7 Qb8 37. Qxd4+ Kh6 38. Qf4+ 1-0

[Event "ESP-ch U18"]
[Site "Salobrena"]
[Date "2021.07.28"]
[Round "5"]
[White "Briand Rosas, Clara Helena"]
[Black "Rodriguez Redondo, Adhara"]
[Result "0-1"]
[WhiteElo "1968"]
[BlackElo "2138"]
[PlyCount "50"]
[EventDate "2021.07.26"]
[EventType "swiss"]
[EventRounds "9"]
[EventCountry "ESP"]
[SourceTitle "CBM 203 Extra"]
[Source "ChessBase"]
[SourceDate "2021.09.30"]
[SourceVersion "1"]
[SourceVersionDate "2021.09.30"]
[SourceQuality "1"]

1. d4 d5 2. c4 e6 3. Nf3 Nf6 4. g3 Be7 5. Bg2 0-0 6. 0-0 dxc4 7. Qc2 a6 8. a4 Bd7 9. Qxc4 Bc6 10. Bg5 Nbd7 11. Nc3 Bxf3 12. Bxf3 c6 13. a5 Nd5 14. Bxe7 Qxe7 15. e3 N7f6 16. Rfd1 Rfd8 17. h4 Rac8 18. Na4 Qc7 19. Nc5 Nxe3 20. fxe3 Qxg3+ 21. Bg2 Qxe3+ 22. Kh1 Ng4 23. Ne4 Qf4 24. Kg1 Qh2+ 25. Kf1 Ne3+ 0-1

[Event "ESP-ch U18"]
[Site "Salobrena"]
[Date "2021.07.27"]
[Round "3"]
[White "Briand Rosas, Clara Helena"]
[Black "Luque Saiz, Andres"]
[Result "0-1"]
[WhiteElo "1968"]
[BlackElo "2131"]
[PlyCount "92"]
[EventDate "2021.07.26"]
[EventType "swiss"]
[EventRounds "9"]
[EventCountry "ESP"]
[SourceTitle "CBM 203 Extra"]
[Source "ChessBase"]
[SourceDate "2021.09.30"]
[SourceVersion "1"]
[SourceVersionDate "2021.09.30"]
[SourceQuality "1"]

1. d4 e6 2. c4 f5 3. Nf3 Nf6 4. Nc3 Bb4 5. Bd2 0-0 6. g3 d5 7. Qb3 Be7 8. Bg2 c6 9. 0-0 Bd6 10. Bg5 Nbd7 11. Nd2 h6 12. Bxf6 Nxf6 13. cxd5 exd5 14. e3 Qb6 15. Qxb6 axb6 16. f3 Be6 17. e4 dxe4 18. fxe4 fxe4 19. Ndxe4 Nxe4 20. Bxe4 Bh3 21. Bg2 Rxf1+ 22. Rxf1 Be6 23. a3 Rd8 24. Re1 Bb3 25. Re3 Bf8 26. Ne2 Bc4 27. Bf1 Kf7 28. Re4 Be7 29. Nc3 Be6 30. g4 Bf6 31. Ne2 Bc4 32. Kf2 Bd3 33. Re3 Bh4+ 34. Kg2 Bc4 35. b3 Bd5+ 36. Kh3 Bg5 37. Rc3 Re8 38. b4 Re4 39. Kg3 Ke6 40. h4 Bd2 41. Rd3 Be1+ 42. Kh3 h5 43. Nc3 hxg4+ 44. Kh2 g3+ 45. Kh3 Rxh4+ 46. Kxh4 g2+ 0-1

[Event "ESP-ch U16"]
[Site "Salobrena"]
[Date "2021.07.23"]
[Round "7"]
[White "Briand Rosas, Clara Helena"]
[Black "Garcia Gil, Oriol"]
[Result "1/2-1/2"]
[WhiteElo "1968"]
[BlackElo "1760"]
[PlyCount "85"]
[EventDate "2021.07.19"]
[EventType "swiss"]
[EventRounds "9"]
[EventCountry "ESP"]
[SourceTitle "EXT 2022"]
[Source "ChessBase"]
[SourceDate "2021.10.06"]
[SourceVersion "1"]
[SourceVersionDate "2021.10.06"]
[SourceQuality "1"]

1. d4 Nf6 2. c4 c5 3. d5 e6 4. Nc3 exd5 5. cxd5 d6 6. e4 g6 7. Bd3 Bg7 8. h3 0-0 9. Nf3 b5 10. Bxb5 Nxe4 11. Nxe4 Qa5+ 12. Nfd2 Qxb5 13. Nxd6 Qa6 14. N2c4 Nd7 15. 0-0 Ne5 16. Nxe5 Bxe5 17. Nxc8 Raxc8 18. Re1 Rfe8 19. a3 Qd6 20. Rb1 Bd4 21. Be3 Qxd5 22. b4 Rcd8 23. Bxd4 Rxe1+ 24. Qxe1 Qxd4 25. bxc5 Qxc5 26. Qb4 Qc2 27. Re1 Rd1 28. Rxd1 Qxd1+ 29. Kh2 Qd7 30. Qc5 Kg7 31. g3 h6 32. h4 h5 33. Kg2 Qb7+ 34. Kf1 Qh1+ 35. Ke2 Qe4+ 36. Kd2 Qb7 37. Kc3 Kg8 38. Kd4 Qd7+ 39. Kc4 Qa4+ 40. Kc3 a5 41. Kd3 Qd1+ 42. Ke4 a4 43. Qd4 1/2-1/2

[Event "ESP-ch U16"]
[Site "Salobrena"]
[Date "2021.07.23"]
[Round "8"]
[White "Larranaga Juaristi, Alexander"]
[Black "Briand Rosas, Clara Helena"]
[Result "1/2-1/2"]
[WhiteElo "1747"]
[BlackElo "1968"]
[PlyCount "83"]
[EventDate "2021.07.19"]
[EventType "swiss"]
[EventRounds "9"]
[EventCountry "ESP"]
[SourceTitle "EXT 2022"]
[Source "ChessBase"]
[SourceDate "2021.10.06"]
[SourceVersion "1"]
[SourceVersionDate "2021.10.06"]
[SourceQuality "1"]

1. e4 e5 2. Nf3 Nc6 3. Bb5 a6 4. Ba4 Nf6 5. 0-0 Be7 6. Re1 b5 7. Bb3 d6 8. c3 0-0 9. h3 Bb7 10. d4 Re8 11. Nbd2 Bf8 12. a3 h6 13. Bc2 Nb8 14. b4 Nbd7 15. Bb2 Nb6 16. Rc1 a5 17. Bb1 c5 18. bxc5 dxc5 19. Nxe5 cxd4 20. cxd4 Na4 21. Ba1 Bxa3 22. Ba2 Rxe5 23. dxe5 Bxc1 24. Qb3 Qxd2 25. Rd1 Bd5 26. exd5 Nc5 27. Rxd2 Nxb3 28. Rc2 Nxa1 29. Rxc1 Ne4 30. Rxa1 Nc3 31. Bb1 Nxb1 32. Rxb1 b4 33. Kf1 Rc8 34. d6 Kf8 35. Ke2 Ke8 36. Kd2 Rc5 37. f4 g5 38. g3 gxf4 39. gxf4 Rc4 40. Ra1 Rxf4 41. Rxa5 b3 42. Rb5 1/2-1/2

[Event "ESP-ch U16"]
[Site "Salobrena"]
[Date "2021.07.21"]
[Round "5"]
[White "Briand Rosas, Clara Helena"]
[Black "Arguelles Gonzalez, Victor"]
[Result "1/2-1/2"]
[WhiteElo "1968"]
[BlackElo "1662"]
[PlyCount "100"]
[EventDate "2021.07.19"]
[EventType "swiss"]
[EventRounds "9"]
[EventCountry "ESP"]
[SourceTitle "EXT 2022"]
[Source "ChessBase"]
[SourceDate "2021.10.06"]
[SourceVersion "1"]
[SourceVersionDate "2021.10.06"]
[SourceQuality "1"]

1. d4 Nf6 2. c4 Nc6 3. Nf3 e6 4. g3 Bb4+ 5. Bd2 Bxd2+ 6. Nbxd2 0-0 7. Bg2 d6 8. 0-0 e5 9. d5 Ne7 10. e4 Ng6 11. b4 b6 12. Ne1 Ne8 13. Nd3 f5 14. Qc2 f4 15. c5 bxc5 16. bxc5 Qg5 17. Rab1 Ba6 18. Rfc1 fxg3 19. hxg3 h5 20. Nf3 Qg4 21. Nh2 Qg5 22. Ne1 h4 23. Nef3 Qh5 24. Qd2 Nf6 25. Qg5 hxg3 26. fxg3 Bd3 27. Rb7 Bxe4 28. cxd6 Bxd5 29. Rbxc7 Qxg5 30. Nxg5 Bxg2 31. Kxg2 Ne8 32. R7c6 Nf6 33. Rd1 Rfc8 34. Rdc1 Rxc6 35. Rxc6 Nf8 36. Nhf3 N6d7 37. Rc7 a5 38. Nd2 Rb8 39. Nc4 Rb1 40. Rc8 Rc1 41. Ne6 Rxc4 42. Rxc4 Nxe6 43. Ra4 Nec5 44. Rxa5 Kf7 45. Ra8 Ke6 46. Rg8 Kf7 47. Ra8 Ke6 48. Rg8 Kf7 49. Ra8 Ke6 50. Rg8 Kf7 1/2-1/2